| 000 | 00432nam a2200133Ia 4500 | ||
|---|---|---|---|
| 005 | 20260209120136.0 | ||
| 008 | 260209s9999||||xx |||||||||||||| ||und|| | ||
| 100 | _aSwati Saroj | ||
| 245 | 0 | _aNon-performing assets | |
| 260 |
_aBangaloreBangalore _bNLSIU _c2015 |
||
| 300 | _a88 p. ; 25 cm. | ||
| 700 | _aProf. M P Padmanabha Pillai - GuideProf. M P Padmanabha Pillai - Guide | ||
| 856 | _uhttps://dans.nls.ac.in/handle/123456789/1694 | ||
| 999 |
_c217238 _d217238 |
||